Guess the lyrics (#53) - Statistics

General Stats
  • This quiz has been taken 135 times
  • The average score is 68 of 143
Answer Stats
Answer % Correct
I
100%
"I
100%
a
98%
you"
97%
you
97%
love
94%
to
93%
The
89%
the
89%
say
87%
and
85%
want
83%
be
80%
in
80%
is
79%
it
79%
your
78%
so
77%
So
77%
my
74%
No
71%
no
71%
of
67%
don't
65%
That
65%
that
65%
can
64%
I'm
64%
too
58%
much
54%
as
52%
It's
52%
it's
52%
can't
51%
by
50%
this
50%
This
50%
we're
48%
only
47%
I'll
46%
would
46%
us
41%
thing
37%
time
36%
up
36%
life
35%
more
34%
Now
34%
Oh
34%
girl
32%
give
30%
real
29%
than
28%
think
28%
though
27%
Though
27%
even
25%
nothing
25%
feel
24%
there's
22%
sing
21%
under
19%
world
19%
away
16%
New
15%
word
15%
made
13%
touch
13%
hands
12%
lover's
11%
while
10%
happy
9%
heard
8%
place
8%
quite
7%
rest
7%
Year's
7%
message
4%
No-one
4%
sweet
4%
conversation
3%
resolution
3%
spend
3%
else
2%
empty
2%
frightened
2%
possession
2%
precious
2%
sand
2%
self-
2%
wake
2%
Warm
2%
wrapped
2%
embrace
1%
mat
1%
whispered
1%
buried
0%
detached
0%
hip
0%
hush
0%
simple
0%
swept
0%
vicious
0%
Visions
0%
No matching quizzes found
Score Distribution
Percent of People with Each Score
Percentile by Number Answered
Your Score History
You have not taken this quiz